Penn State Branch Campuses - Statistics

General Stats
  • This quiz has been taken 6 times
  • The average score is 8 of 20
Answer Stats
Hint/City Branch Campus % Correct
Logan Township Altoona
100%
Main Campus University Park
100%
Erie Behrend
75%
Middletown Harrisburg
75%
"A nut used in chocolate"ton Hazleton
75%
Doobwaaah Du Bois*
50%
"Alternate Mountain" Mont Alto*
50%
Dunmore Scranton
50%
Not to be confused with the one in the UK. York*
50%
Abby's town Abington
25%
McKeesport Allegheny
25%
Monaca Beaver
25%
Media Brandywine
25%
Uniontown Fayette*
25%
Center Valley Lehigh Valley
25%
Sounds like "New Kingstown" New Kensington*
25%
Lehman Wilkes Barre*
25%
Spring Township Berks
0%
Weird name Schuylkill
0%
Sharon Shenango*
0%
No matching quizzes found
Score Distribution
Percent of People with Each Score
Percentile by Number Answered
Your Score History
You have not taken this quiz